| 000 | 00921nam a2200313 c 4500 | ||
|---|---|---|---|
| 003 | BLK | ||
| 005 | 20180420221346.0 | ||
| 008 | 180408b bul|||||r ||||||| ||bul|| | ||
| 010 | _aKNG00045774000 | ||
| 020 |
_a1-85715-199-2 _bиздат.: Everyman Publ. plc |
||
| 040 | _aBLK | ||
| 041 |
_aENG _cENG |
||
| 080 |
_aАнглийска литература _b821.111 _x-32 _z821.111-32 |
||
| 100 | 1 |
_aKipling, Rudyard _eпърви автор _915115 |
|
| 139 |
_aKipling, Rudyard _bK 47 |
||
| 245 | 1 | 0 |
_aCollected stories _cRudyard Kipling. |
| 257 | _aGBR | ||
| 260 |
_аLondon _bEveryman Publ. plc _c1994 |
||
| 300 |
_aXLIII, 914 с. _c21 см |
||
| 380 | _aX | ||
| 490 | 1 | _aThe Millennium Library | |
| 490 | 1 |
_3Подсерия _aEveryman's Library _v199 |
|
| 653 | _aразкази | ||
| 852 | _aЦб 205610 | ||
| 856 | 4 |
_qpdf _u |
|
| 856 | 4 |
_qpdf _u |
|
| 942 |
_cKNG _n0 |
||
| 944 |
_aCR _c01.01.1999 _kAB_DOS |
||
| 944 |
_aED _c15.01.2003 _k |
||
| 999 |
_c42121 _d42121 |
||